Vysoké Tatry Tatr. Lomnica 900 m n m : Kúpeľný park : Grand hotel Praha

Bibliographic Details
Format: Postcard
Language:Slovak
PhysicalDescription:1 pohľadnica čiernobiela 9 x 14 cm
Published: [Bratislava] Tatran [1950]
Subjects:

MARC

LEADER 00000nkm a2200000 a 4500
001 vtls010862269
003 SK-MaSNL
005 20260512130246.0
007 kp bo
008 231214q1950 xo g 00 kuslo
015 |a SNBG 
035 |a 0000247C-9E62-45BD-AC34-86E57005D6D2 
035 |a urn:nbn:sk:snk-kmxzzu 
035 |a urn:nbn:sk:snk-km007cc2 
040 |a SNK  |b slo  |c SNK  |e AACR2 
041 0 |a slo 
043 |a e-xo--- 
044 |a xo  |c SK 
080 |a 908(234.372.4)  |2 2008 
080 |a (084.121)  |2 2001 
080 |a 551.4.035  |2 2001 
080 |a 640.41  |2 2001 
245 0 0 |a Vysoké Tatry  |h grafika  |b Tatr. Lomnica 900 m n m : Kúpeľný park : Grand hotel Praha 
260 |a [Bratislava]  |b Tatran  |c [1950] 
300 |a 1 pohľadnica  |b čiernobiela  |c 9 x 14 cm 
610 2 7 |a Grandhotel Praha (Tatranská Lomnica, Slovensko)  |2 SNKKA  |9 55002 
650 0 7 |a pohoria  |2 SNKPH  |9 44054 
650 0 7 |a hotely  |2 SNKPH  |9 18422 
651 7 |a Vysoké Tatry (Poľsko a Slovensko : pohorie)  |2 SNKPHgeo  |9 67729 
651 7 |a Tatranská Lomnica (Vysoké Tatry, Slovensko)  |2 SNKPH  |9 160914 
655 7 |a miestne pohľadnice  |2 SNKPH  |9 70510 
852 |a Slovenská národná knižnica 
958 |a GC 
958 |a GBN 
958 |a OND 
999 |c 1186621  |d 1188551 
952 |a SNK  |b SNK  |y PREZ  |7 0  |p 17A1164204  |o snkSP 4447  |0 0  |1 0  |4 0  |d 2015-08-20  |f 1  |l 0  |r 2026-02-24 21:58:15  |w 2026-02-24